1935 1513 1512 1252 1283 1004 1486 1069 1915 1834 1992 1359 1821 1189 1359 1912 1234 1150 1301 1241 1774 1218 1051 1794 1849 1457 1892 1193 1151 1052 1237 1804 1389 1217 1356 1274 1705 1389 1781 1722 1811 1471 1995 1414 1045 1656 1431 1755 1412 1509 1431 1899 1277 1892 1471 1688 1793 1983 1822 1933 1864 1150 1046 1113 1877 1228 1407 1443 1415 1742 1948 1166 1587 1527 1547 1276 1047 1705 1331 1554 1442 1515 1909 1532 1292 1209 1703 1981 1526 1698 1967 1483 1400 1108 1006 1940 1444 1296 1413 BCNSPRNW ULIB Ver.6.0+V

เปลี่ยนเป็นภาษาไทย

Change to English
 แสดงรายละเอียดบรรณานุกรม
  กลับหน้าหลัก

Brief Record : Get Marc (ISO 2709) : E-mail record : QR code < ปิดหน้าต่าง
LEADER : 00000nam 2200000uu 4500
001    13399114333
003     ULIB
008    120321s2552||||th 000 0 tha d
020    ^a9786115000074
090    ^aนว.^bณ410ฟ 2552
100 0  ^aณารา
245 00 ^aไฟฝันวันรัก/^cณารา
250    ^aพิมพ์ครั้งที่ 3
260    ^aกรุงเทพฯ :^bพิมพ์คำ,^c2552
300    ^a402 หน้า
710 1  ^aพิมพ์คำ
945    ^p280^l0^i16306
995    ^aกัณชพร
999    ^aใช้งานได้ทุกระบบ
รายการนี้ยังไม่มีแท็ก
คุณยังไม่ได้ล็อกอิน คุณสามารถมีกิจกรรมร่วมกับเว็บไซต์ได้ แต่ต้องล็อกอินก่อน ::
  ล็อกอิน

รายการสื่อสารสนเทศ

ลำดับที่ ประเภท เลขเรียก/บาร์โค้ด สถานที่ สถานะ
1. นวนิยาย
นวนิยาย
นว. ณ410ฟ 2552  
  Barcode: 16306
ห้องสมุดวิทยาเขตสวรรค์ประชารักษ์
►นวนิยาย
บนชั้น
  ขอยืม

รายการใกล้เคียง
    ผู้แต่ง [ณารา]

BibComment


ยังไม่เคยถูกคอมเมนท์

คอมเมนท์ทรัพยากรรายการนี้
  คอมเมนท์: ไฟฝันวันรัก ณารา


 Copyright 2026. Bcnsprnw @Library